Capital Cities That Border an Ocean or Sea - Statistics

General Stats
  • This quiz has been taken 15 times
    5 since last reset
  • The average score is 47 of 86
Answer Stats
Capital % Correct
Amsterdam
100%
Buenos Aires
100%
Copenhagen
100%
Dublin
100%
Helsinki
100%
Lima
100%
Lisbon
100%
Oslo
100%
Reykjavik
100%
Stockholm
100%
Tokyo
100%
Wellington
100%
Abu Dhabi
50%
Accra
50%
Algiers
50%
Apia
50%
Baku
50%
Bandar Seri Begawan
50%
Bangkok
50%
Banjul
50%
Basseterre
50%
Beirut
50%
Bissau
50%
Bridgetown
50%
Cape Town
50%
Castries
50%
Conakry
50%
Cotonou
50%
Dakar
50%
Dili
50%
Djibouti
50%
Doha
50%
Freetown
50%
Funafuti
50%
Georgetown
50%
Havana
50%
Honiara
50%
Jakarta
50%
Kingston
50%
Kingstown
50%
Kuwait City
50%
Libreville
50%
Lome
50%
Luanda
50%
Majuro
50%
Malabo
50%
Male
50%
Manama
50%
Manila
50%
Maputo
50%
Mogadishu
50%
Monaco
50%
Monrovia
50%
Moroni
50%
Muscat
50%
Nassau
50%
Ngerulmud
50%
Nouakchott
50%
Nuku-Alofa
50%
Panama City
50%
Paramaribo
50%
Port-au-Prince
50%
Port Louis
50%
Port Moresby
50%
Port of Spain
50%
Port Vila
50%
Praia
50%
Rabat
50%
Riga
50%
Roseau
50%
Santo Domingo
50%
Sao Tome
50%
St George's
50%
St John's
50%
Suva
50%
Taipei
50%
Tallinn
50%
Tarawa
50%
Tripoli
50%
Tunis
50%
Valletta
50%
Yaren
50%
Athens
0%
Montevideo
0%
Singapore
0%
Sri Jayawardenepura Kotte
0%
No matching quizzes found
Score Distribution
Percent of People with Each Score
Percentile by Number Answered
Your Score History
You have not taken this quiz since the last reset